| 000 | 00412nam a2200157Ia 4500 | ||
|---|---|---|---|
| 008 | 230917s9999||||xx |||||||||||||| ||und|| | ||
| 040 |
_e53817 _aMAIN |
||
| 041 | _aEnglish | ||
| 082 | _a320.509 B231P | ||
| 100 | _aBaradat, Leon P | ||
| 245 | 0 | _aPolitical ideologies: Their origins and impact | |
| 250 | _a6th ed. | ||
| 260 |
_aEnglewood Cliffs _bPrentice-Hall _c1997 |
||
| 300 | _axiv, 338 p. | ||
| 942 | _cBK | ||
| 999 |
_c105795 _d105795 |
||